000 00843cam a22002657a 4500
001 BD-DhSAU 7056
003 BD-DhSAU
005 20150517121813.0
008 880630s1988 ne a 001 0 eng
020 _a0444428534
040 _aBD-DhSAU
082 _222
_a632.95
_bSTE
245 0 0 _aStereoselectivity of pesticides :
_bbiological and chemical problems /
_cedited by E.J. Ariëns, J.J.S. van Rensen, W. Welling
260 _aAmsterdam :
_aNew York :
_bElsevier,
_cc1988.
300 _ax, 544 p. :
_bill. ;
_c24 cm.
440 0 _aChemicals in agriculture
_vv. 1
504 _aIncludes bibliographical references & index.
590 _aJerin
650 _aPlant Pathology
650 _apesticides
700 1 _aAriëns, E. J.
_q(Evehardus Jacobus)
700 1 _aRensen, J. J. S. van
700 1 _aWelling, W.
942 _2ddc
_cBOOK
999 _c7056
_d7056